Salud día a día /

El presente manual de promoción de la salud, contemplado como un proyecto de vida familiar, es el resultado de un proceso vital de construcción, en el que han participado adolescentes, adultos, personas mayores, promotores de salud, comités de usuarias, cabildos barriales, personal de salud y expert...

Descripció completa

Dades bibliogràfiques
Autor principal: Gutiérrez Fernández, Patricia Lorena (autor)
Altres autors: Castro Tapia, Maura Karina (revisor), Flores, Jaime (revisor)
Format: Paquet
Idioma:Spanish
Publicat: Quito: Editorial Ministerio de Salud Pública, 2008.
Edició:Primera edición.
Col·lecció:Manual de la familia saludable: un proyecto de vida, 1
Matèries:
Accés en línia:Libro digital

MARC

LEADER 00000cac a2200000 i 4500
003 Ucuenca
005 20230308225352.0
006 a||||fr|||| 001 |
007 ta
008 170928s2008 ec aaaafr |||1 | spa a
020 |a 9789978993606 
040 |b spa  |a UCuenca-cdrjbv  |c UCuenca  |e rda 
041 0 |a spa 
082 0 |2 21  |a 616  |c 202595 
100 1 |9 254102  |a Gutiérrez Fernández, Patricia Lorena.   |e autor 
245 0 0 |a Salud día a día /   |c Patricia Lorena Gutiérrez Fernández, Maura Karina Castro Tapia, y Jaime Flores, revisores. 
250 |a Primera edición. 
264 1 |a Quito:   |b Editorial Ministerio de Salud Pública,  |c 2008. 
300 |a 56 páginas:  |b ilu  |c 27 cm 
336 |2 rdacontent  |a texto  |b txt 
337 |2 rdamedia  |a no mediado  |b n 
338 |2 rdacarrier  |a volumen  |b nc 
490 0 |a Manual de la familia saludable: un proyecto de vida,  |v 1 
504 |a incl. bib. 
505 |a Nuestro manual de la salud -- La minga de la salud en el hogar -- Vivienda segura y saludable -- Derechos en salud y aseguramiento -- Proyecto de vida "la búsqueda del tesoro. 
520 3 |a El presente manual de promoción de la salud, contemplado como un proyecto de vida familiar, es el resultado de un proceso vital de construcción, en el que han participado adolescentes, adultos, personas mayores, promotores de salud, comités de usuarias, cabildos barriales, personal de salud y expertos en diversos campos. El objetivo de este manual, es llegar al la familia, entrar en sus hogares y reforzar comportamientos saludables o cambiar estilos de vida o prácticas que no benefician a la salud.  
650 1 7 |2 UCuenca-cdrjbv  |a Salud familiar  |9 92082 
650 1 7 |2 UCuenca-cdrjbv  |a Promoción de la salud  |9 90763 
650 1 7 |2 UCuenca-cdrjbv  |a Salud pública  |9 108 
700 1 |9 141613  |a Castro Tapia, Maura Karina.   |e revisor 
700 1 |9 218390  |a Flores, Jaime.   |e revisor 
856 4 0 |u https://drive.google.com/file/d/1wetgye5ICLplnNrjvZ9jkY_ZZmDvdv0N/view?usp=sharing  |y Libro digital 
942 |c CR  |2 ddc  |r margoth.maza@ucuenca.edu.ec 
999 |c 152367  |d 152367